Quizzes
Events
Quiz Creation
Community
Videos
Private Events
Remove Ads
Sign In
Join for FREE
Feedback
Dark Mode
Quiz Categories
Sports
Geography
Music
Movies
Television
Just For Fun
Miscellaneous
History
Literature
Language
Science
Gaming
Entertainment
Religion
Holiday
For Kids
Quiz Lab
Recent
Popular Today
Quiz Kudos Today
Editor Picks
Curator Picks
Quizzes by...
Day
Popularity
Type
Ratings
Length
Year
Community
Subscriptions
Recent Discussions
Orange Saloon
Badges
Playlists
Quests
Create
Leaderboards
Showdown
Live 5
Trivia Bingo
Activity
Puzzle Library
Sporcle Events
Private Events
Virtual Trivia
Globe League
Become a Host
Pub Owners
SporcleCon
Opinionation
Our Games
Videos
Blog
Mobile Apps
Partnerships
Remove Ads and Go Orange
Feedback
Sports
Athletes
MLB
NBA
NHL
NFL
Soccer
Sports Teams
WWE
NCAA
Football
Premier League
Basketball
Baseball
Hockey
Golf
Tennis
Cricket
Rugby
Auto Racing
Olympics
World Cup
Sports
Athletes
MLB
NBA
NHL
NFL
Soccer
Sports Teams
WWE
NCAA
Football
Premier League
Basketball
Baseball
Hockey
Golf
Tennis
Cricket
Rugby
Auto Racing
Olympics
World Cup
Random Quiz
Search Sporcle
×
Quiz Lab
Quiz Lab
Sports
UFC Fighters
Type in answers that appear in a list
Type in answers that appear in a list
Classic
Best Score? Go Orange.
Frankie Edgar Opponents Stats
Can you name the opponents that Frankie Edgar has fought?
By
techfan95
8m
16 Questions
72 Plays
72 Plays
72 Plays
Comments
Comments
Give Quiz Kudos
Give Quiz Kudos
-
- Ratings
hide this ad
Replay
Link that replays current quiz
Next Quiz
Link to next quiz in quiz playlist
You Got
0%
They Got
Avg Score
57%
Avg Friend Score
Upgrade to see
Score Distribution
Jump to the score distribution portion of the page
Score
0/16
Timer
08:00
0
Plays Today
Event
Opponent
% Correct
UFC 130: Edgar vs Maynard 3
Gray Maynard
100%
UFC 125: Resolution
Gray Maynard
100%
UFC Fight Night: Florian vs Lauzon
Gray Maynard
100%
UFC 112: Invincible
B.J. Penn
98.6%
UFC 118: Edgar vs Penn 2
B.J. Penn
98.6%
UFC 67: All or Nothing
Tyson Griffin
69.4%
UFC 98: Evans vs Machida
Sean Sherk
68.1%
Reality Fighting 14
Jim Miller
55.6%
Event
Opponent
% Correct
The Ultimate Fighter: Heavyweights Finale
Matt Veach
50%
UFC: Silva vs Irvin
Hermes Franca
45.8%
UFC 73: Stacked
Mark Bocek
40.3%
UFC 78: Validation
Spencer Fisher
40.3%
Sport Fighting 2
Jay Isip
16.7%
Ring of Combat 9
Mark Getto
15.3%
RF 13: Battle at the Beach
Deividas Taurosevicius
9.7%
Ring of Combat 10
Steve Macabe
6.9%
Quiz Playlist
Details
Report
Send in Message
Add To Playlist
Classic:
Type in answers that appear in a list
Last Updated: Feb 16, 2017
Quiz Scoreboard
CHALLENGE
Sign Up to Join the Scoreboard
Show All
Scores
Hide
Comments
May contain spoilers
Recently Published
NBA Finals Game Top Scorers (2010s)
by flibbidy
Sports
5m
Guess the 'R' Things in 3 Words
by MSUKent
Miscellaneous
3m
Actor to Badly Drawn Movie III
by MoMosMoProblems
Movies
5m
More to Explore
Quiz From the Vault
Featured Blog Post
Where Does Lost Luggage Go?
hide this ad
You Might Also Like...
Tags
fight
Fighter
Fighting
Lightweight
MMA
MMA Champions
MMA Fighters
UFC
UFC Fighters
Today's Top Quizzes in Sports
Browse Sports
hide this ad
Today's Top Quizzes in UFC Fighters
Browse UFC Fighters
Top Contributed Quizzes in Sports
1
Les joueurs à 100 buts en Ligue 1 Uber Eats
2
2022 World Cup Stars
3
Millionaire: NBA Finals Edition
4
2024 March Madness Bracket
5
Players with Multiple 50 Home Run Seasons
6
Criteria MLB: Left Handed Sluggers
7
Nickname Match: Athletes VI
8
Iconic Moments in Football - Multiple Choice
9
NFL MVPs ordered
10
NBA Championships Per City
Explore More
Trending Topics
Disney
Harry Potter
Marvel
NBA
Kpop
Crossword
Anime
NFL
Pokémon
Country
Song
The Office
Soccer
WWE
Puzzle
hide this ad
More By:
techfan95
Quiz
Plays
Rating
Category
Featured
Created
Jon Jones Opponents
145
5.00
Sports
Feb 11, 2011
Frank Mir Opponents
133
5.00
Sports
Feb 11, 2011
Mauricio 'Shogun' Rua Opponents
133
5.00
Sports
Feb 11, 2011
Chuck Liddell Opponents
129
5.00
Sports
Feb 11, 2011
Forrest Griffin Opponents
123
5.00
Sports
Feb 10, 2011
Go to Creator's Profile
Score Distribution
Quiz Creator Spotlight
techfan95
Follow
Send a Message
Quizzes Created
-
Created Quiz Play Count
-
More By This Creator
Popular Quizzes Today
1
Find the US States - No Outlines Minefield
2
Find the US States
3
The Countries of the World
4
10 Largest US States in Order
5
Find the Countries of Europe - No Outlines Minefield
6
US States
7
Guess the 'R' Things in 3 Words
8
NBA Finals Game Top Scorers (2010s)
More Sports Quizzes
Hartford Whalers: Top 10 Art Ross Finish
Quiz Lab
Trending Quizzes
First Name TV: Leading Men
Match the Book to the Film II
First Name TV: Leading Women Drama
Match the Book to the Film VI
Pick A Pair: Religious TV
Recently Updated
Women's Final Four Teams by Year
bhenderson79
Presidents Quartet II
eogle
Anything But Clue(do)
eogle
Anything But Oceanian Capitals
eogle
Anything But 7
eogle
Anything But Thing
eogle
Word Ladder: February 29
pecheneg
Song Title Questions
pecheneg
Women's NCAA Tournament #1 Seeds
pecheneg
Celebrity Mug Shots
pecheneg
Trending Topics
Crossword
Marvel
Harry Potter
Kpop
Anime
Disney
NBA
WWE
Country
Pokémon
NFL
The Office
Song
Puzzle
Soccer
Your Account Isn't Verified!
In order to create a playlist on Sporcle, you need to verify the email address you used during registration. Go to your
Sporcle Settings
to finish the process.
Report this User
Report this user for behavior that violates our
Community Guidelines
.
Details:
Send Report
Go to the Sporcle.com Mobile Site →
Comments